Új hang az éterben
Elmentve itt :
| Szerző: | |
|---|---|
| Adatforrás: | Meister |
| Forrásdokumentuma: | Helikon. - 24 sz., 1990, 11 p. |
| Nyelv: | magyar |
| Kulcsszavak: | oral-history intézménytörténet rádió Kolozsvári Rádió |
| LEADER | 00411nab a2200157 i 4500 | ||
|---|---|---|---|
| 001 | bibPRO00008747 | ||
| 008 | 060524s1990 xx hun | ||
| 040 | |a Sz1 | ||
| 041 | |a hun | ||
| 100 | 1 | |a ÁBRAHÁM, János | |
| 245 | 1 | 0 | |a Új hang az éterben |c ÁBRAHÁM, János |
| 695 | |a oral-history | ||
| 695 | |a intézménytörténet | ||
| 695 | |a rádió | ||
| 695 | |a Kolozsvári Rádió | ||
| 773 | 0 | |t Helikon. - |g 24 sz., 1990, 11 p. | |